[Event "THA-ch Rapid"]
[Site "Bangkok"]
[Date "2023.12.07"]
[Round "11"]
[White "Khumnorkaew, Tupfah"]
[Black "Pornariyasombat, Atippat"]
[Result "1-0"]
[WhiteElo "1897"]
[BlackElo "2001"]
[PlyCount "73"]
[EventDate "2023.12.05"]
[EventType "swiss (rapid)"]
[EventRounds "13"]
[EventCountry "THA"]
[SourceTitle "CB50_2023"]
[SourceDate "2023.12.13"]
[SourceVersion "1"]
[SourceVersionDate "2023.12.13"]
[SourceQuality "1"]

1. d4 d5 2. c4 e6 3. Nc3 Nf6 4. cxd5 exd5 5. Bg5 Be7 6. e3 c6 7. Qc2 Bg4 8. Bd3 Nbd7 9. Nge2 h6 10. Bf4 Qa5 11. h3 Be6 12. Bh2 Rc8 13. 0-0 0-0 14. a3 Rfe8 15. Nf4 Nf8 16. Rfc1 Qd8 17. Nce2 Bd7 18. Qb3 g5 19. g4 gxf4 20. Bxf4 Kg7 21. Ng3 Ng6 22. Be5 Nxe5 23. dxe5 Ng8 24. Nh5+ Kf8 25. Bc2 Bh4 26. f4 Be6 27. Qd3 Qb6 28. Rf1 Ke7 29. Ng7 Rf8 30. a4 a5 31. Ra3 Bg5 32. Rb3 Qa7 33. Kg2 Rc7 34. fxg5 hxg5 35. Qh7 Kd8 36. Nxe6+ fxe6 37. Rxf8# 1-0

[Event "THA-ch Rapid"]
[Site "Bangkok"]
[Date "2023.12.06"]
[Round "5"]
[White "Laohawirapap, Prin"]
[Black "Pornariyasombat, Atippat"]
[Result "1/2-1/2"]
[WhiteElo "2332"]
[BlackElo "2001"]
[PlyCount "132"]
[EventDate "2023.12.05"]
[EventType "swiss (rapid)"]
[EventRounds "13"]
[EventCountry "THA"]
[SourceTitle "CB50_2023"]
[SourceDate "2023.12.13"]
[SourceVersion "1"]
[SourceVersionDate "2023.12.13"]
[SourceQuality "1"]

1. e4 c5 2. Nc3 Nc6 3. Bb5 Nd4 4. Nf3 g6 5. Nxd4 cxd4 6. Ne2 Bg7 7. 0-0 Qb6 8. Ba4 Nf6 9. d3 0-0 10. c3 dxc3 11. Nxc3 d6 12. Bb3 Be6 13. Bxe6 fxe6 14. Qe2 Rac8 15. Be3 Qa5 16. d4 a6 17. a3 Qh5 18. f3 Bh6 19. Bxh6 Qxh6 20. e5 dxe5 21. Qxe5 Rc6 22. Rad1 Rd8 23. Rfe1 Qh5 24. Qg3 Qf5 25. Rd2 Nh5 26. Qf2 Ng7 27. Re5 Qf4 28. Re4 Qf5 29. Qe3 Qf6 30. g4 Rf8 31. Kg2 h5 32. h3 hxg4 33. hxg4 Qh4 34. Rd1 Qf6 35. Kg3 Nf5+ 36. gxf5 exf5 37. Nd5 Qd6+ 38. Re5 e6 39. f4 exd5 40. Re1 g5 41. Qf3 Qg6 42. Qxd5+ Rf7 43. Qd8+ Kg7 44. Qxg5 Qxg5+ 45. fxg5 Rc4 46. Rd5 Rc2 47. Re6 f4+ 48. Kf3 Rxb2 49. g6 Rf6 50. Rxf6 Kxf6 51. Rd6+ Kf5 52. g7 Rb3+ 53. Kf2 Rg3 54. Rd7 Ke4 55. d5 Ke5 56. a4 b5 57. a5 b4 58. Rb7 Kxd5 59. Rxb4 Rxg7 60. Rb6 Kc5 61. Kf3 Rf7 62. Rxa6 Kb5 63. Ra8 Rf6 64. Ra7 Ra6 65. Rxa6 Kxa6 66. Kxf4 Kxa5 1/2-1/2

[Event "Bangkok Olympiad Qual"]
[Site "Bangkok"]
[Date "2022.06.04"]
[Round "8"]
[White "Pornariyasombat, Atippat"]
[Black "Wongsawan, Thoetsak"]
[Result "1-0"]
[WhiteElo "1963"]
[BlackElo "1837"]
[PlyCount "110"]
[EventDate "2022.06.01"]
[EventType "tourn"]
[EventRounds "9"]
[EventCountry "THA"]
[SourceTitle "CBM 208 Extra"]
[Source "ChessBase"]
[SourceDate "2022.07.31"]
[SourceVersion "1"]
[SourceVersionDate "2022.07.31"]
[SourceQuality "1"]

1. c4 Nf6 2. Nc3 g6 3. g3 Bg7 4. Bg2 c5 5. d3 Nc6 6. Qd2 d6 7. b3 h5 8. Nf3 a6 9. Bb2 Nd4 10. h3 Rb8 11. Ng5 Bh6 12. h4 Bg4 13. f3 Bd7 14. e3 Ne6 15. Nce4 Bg7 16. Bxf6 Bxf6 17. Nxf6+ exf6 18. Ne4 Bc6 19. Qc3 Bxe4 20. fxe4 Nf8 21. Rf1 Nh7 22. Bh3 Qe7 23. 0-0-0 b5 24. Kd2 b4 25. Qc2 Qe5 26. Rg1 0-0 27. Rdf1 Rfe8 28. Rf4 a5 29. Ke2 Re7 30. Rd1 Ra7 31. d4 cxd4 32. exd4 Qe8 33. c5 d5 34. Kf2 a4 35. exd5 axb3 36. axb3 Rba8 37. Re1 Qb5 38. Bf1 Qd7 39. Qe4 f5 40. Qe5 Ra2+ 41. Re2 Rxe2+ 42. Bxe2 Re8 43. c6 Rxe5 44. cxd7 Rxd5 45. Bb5 Nf6 46. Bc6 Rd6 47. d5 Ne4+ 48. Ke3 Kf8 49. Kd4 Ke7 50. Rf1 Nf6 51. Re1+ Ne4 52. Ra1 Nxg3 53. Ra8 Rxd7 54. Bxd7 Kxd7 55. Ra7+ Ke8 1-0

[Event "Bangkok Olympiad Qual"]
[Site "Bangkok"]
[Date "2022.06.01"]
[Round "2"]
[White "Pornariyasombat, Atippat"]
[Black "Laohawirapap, Prin"]
[Result "0-1"]
[WhiteElo "1963"]
[BlackElo "2259"]
[PlyCount "65"]
[EventDate "2022.06.01"]
[EventType "tourn"]
[EventRounds "9"]
[EventCountry "THA"]
[SourceTitle "CBM 208 Extra"]
[Source "ChessBase"]
[SourceDate "2022.07.31"]
[SourceVersion "1"]
[SourceVersionDate "2022.07.31"]
[SourceQuality "1"]

1. c4 Nf6 2. g3 g6 3. Bg2 Bg7 4. Nc3 0-0 5. d3 c5 6. Rb1 Nc6 7. Qd2 Rb8 8. b3 a6 9. Bb2 b5 10. h4 e6 11. Bxc6 dxc6 12. Nf3 a5 13. Nd1 a4 14. Be5 Ra8 15. Ne3 Qe7 16. 0-0 Ne8 17. Bxg7 Nxg7 18. Ng4 f6 19. cxb5 cxb5 20. e4 e5 21. Ne3 axb3 22. axb3 Bb7 23. Ng4 Ne6 24. h5 Nd4 25. Nxd4 cxd4 26. Kg2 f5 27. Nh6+ Kg7 28. f3 f4 29. Ng4 gxh5 30. Nf2 fxg3 31. Nh3 Bc8 32. Kxg3 Kh8 33. Rb2 0-1

[Event "SEA Blitz 31st"]
[Site "Ha Long"]
[Date "2022.05.20"]
[Round "4.5"]
[White "Pornariyasombat, Atippat"]
[Black "Bersamina, Paulo"]
[Result "0-1"]
[WhiteElo "1963"]
[BlackElo "2441"]
[PlyCount "56"]
[EventDate "2022.05.20"]
[EventType "swiss (blitz)"]
[EventRounds "5"]
[EventCountry "VIE"]
[SourceTitle "CBM 208 Extra"]
[Source "ChessBase"]
[SourceDate "2022.07.31"]
[SourceVersion "1"]
[SourceVersionDate "2022.07.31"]
[SourceQuality "1"]

1. g3 e5 2. Bg2 d5 3. c4 dxc4 4. Qa4+ Bd7 5. Qxc4 Nc6 6. a3 Nf6 7. b4 Bd6 8. Bb2 0-0 9. d3 a6 10. Nd2 Qc8 11. Ngf3 Bh3 12. Bxh3 Qxh3 13. Qh4 Qe6 14. 0-0 h6 15. Kg2 Rad8 16. Qh3 Qd5 17. Nc4 e4 18. Nfd2 exd3+ 19. e4 Qh5 20. Bxf6 Qxh3+ 21. Kxh3 gxf6 22. f4 Nd4 23. Rac1 Ne2 24. Rb1 Rfe8 25. Rb3 Bf8 26. Rf3 Nd4 27. Rfxd3 Nxb3 28. Rxb3 b5 0-1

[Event "SEA Blitz 31st"]
[Site "Ha Long"]
[Date "2022.05.20"]
[Round "3.5"]
[White "Quizon, Daniel"]
[Black "Pornariyasombat, Atippat"]
[Result "1-0"]
[WhiteElo "2384"]
[BlackElo "1963"]
[PlyCount "61"]
[EventDate "2022.05.20"]
[EventType "swiss (blitz)"]
[EventRounds "5"]
[EventCountry "VIE"]
[SourceTitle "CBM 208 Extra"]
[Source "ChessBase"]
[SourceDate "2022.07.31"]
[SourceVersion "1"]
[SourceVersionDate "2022.07.31"]
[SourceQuality "1"]

1. c4 g6 2. e3 Bg7 3. Nf3 c5 4. Be2 Nf6 5. Qc2 Nc6 6. a3 d6 7. b3 Bf5 8. d3 0-0 9. Bb2 a6 10. Nbd2 Qc7 11. 0-0 a5 12. Rfe1 a4 13. bxa4 Bd7 14. Bc3 b6 15. h3 Ra7 16. Reb1 Rfa8 17. Qb2 Rb7 18. Bd1 Ne8 19. Bc2 Nd8 20. Bxg7 Nxg7 21. Ne4 Bc6 22. Nfd2 Nde6 23. Nc3 Qd7 24. Nd5 Bxd5 25. cxd5 Nc7 26. e4 Nh5 27. Nc4 Rab8 28. Qc1 e6 29. Qg5 f6 30. Qg4 f5 31. dxe6 1-0

[Event "THA-chT Rapid"]
[Site "Bangkok"]
[Date "2021.12.14"]
[Round "6.3"]
[White "Habla, Jony"]
[Black "Pornariyasombat, Atippat"]
[Result "1-0"]
[WhiteElo "2219"]
[BlackElo "2039"]
[PlyCount "137"]
[EventDate "2021.12.13"]
[EventType "team-swiss (rapid)"]
[EventRounds "9"]
[EventCountry "THA"]
[SourceTitle "CBM 205 Extra"]
[Source "ChessBase"]
[SourceDate "2022.01.31"]
[SourceVersion "1"]
[SourceVersionDate "2022.01.31"]
[SourceQuality "1"]
[WhiteTeam "Big Rook Chess Academy"]
[BlackTeam "SJBVS"]
[WhiteTeamCountry "THA"]
[BlackTeamCountry "THA"]

1. d4 g6 2. c4 Bg7 3. e4 d6 4. Nc3 Nf6 5. h3 a6 6. Be3 Nbd7 7. Be2 Rb8 8. a4 e5 9. d5 b6 10. g4 Nc5 11. Qc2 a5 12. Bf3 h6 13. Nge2 Na6 14. Ng3 Nb4 15. Qd2 Nd7 16. Bd1 Nc5 17. h4 Ncd3+ 18. Kf1 Ba6 19. Nb5 Bxb5 20. cxb5 Qe7 21. Ra3 Nf4 22. Rc3 Bf6 23. h5 Bg5 24. Rc4 Nbd3 25. Qc3 Nc5 26. Qd2 0-0 27. Kg1 Qf6 28. Rc3 Rbe8 29. Rh2 Kg7 30. Bc2 Rg8 31. Qd1 Kf8 32. Bd2 Rg7 33. Rf3 Kg8 34. Kh1 Qe7 35. Ra3 Qd7 36. Qf3 Qe7 37. Be3 Qf6 38. Qd1 Ra8 39. Qd2 Qe7 40. Ra1 Re8 41. f3 Qf6 42. Rf1 Ra8 43. Kg1 Re8 44. Kh1 Kh8 45. hxg6 fxg6 46. Ne2 Rh7 47. Nxf4 Bxf4 48. Rh3 h5 49. Bxf4 Qxf4 50. Qxf4 exf4 51. Rg1 hxg4 52. Rxh7+ Kxh7 53. Rxg4 Rf8 54. e5 dxe5 55. Rxg6 e4 56. Rc6 Kg8 57. fxe4 f3 58. Kg1 Rf7 59. Kf2 Rh7 60. Kxf3 Rh2 61. Bd1 Rd2 62. Be2 Nxa4 63. Rxc7 Kf8 64. Ke3 Rxb2 65. d6 Nc5 66. e5 Rb3+ 67. Kd2 a4 68. Rc8+ Kg7 69. Rxc5 1-0

[Event "THA-chT Rapid"]
[Site "Bangkok"]
[Date "2021.12.14"]
[Round "7.3"]
[White "Pornariyasombat, Atippat"]
[Black "Geuvens, Kenzo"]
[Result "1-0"]
[WhiteElo "2039"]
[BlackElo "1315"]
[PlyCount "83"]
[EventDate "2021.12.13"]
[EventType "team-swiss (rapid)"]
[EventRounds "9"]
[EventCountry "THA"]
[SourceTitle "CBM 205 Extra"]
[Source "ChessBase"]
[SourceDate "2022.01.31"]
[SourceVersion "1"]
[SourceVersionDate "2022.01.31"]
[SourceQuality "1"]
[WhiteTeam "SJBVS"]
[BlackTeam "Henry and Winstons Angel"]
[WhiteTeamCountry "THA"]
[BlackTeamCountry "THA"]

1. g3 c5 2. Bg2 d6 3. c4 e6 4. Nc3 Nf6 5. d3 Be7 6. Nf3 0-0 7. 0-0 Nbd7 8. a3 a6 9. b4 b6 10. Ne5 Ra7 11. Nc6 Qe8 12. Nxa7 Qd8 13. Nc6 Qe8 14. Nxe7+ Qxe7 15. bxc5 Nxc5 16. d4 Ncd7 17. Bg5 h6 18. Bxf6 Qxf6 19. e4 Qe7 20. a4 a5 21. f4 Bb7 22. Qd3 e5 23. Nd5 Bxd5 24. cxd5 exf4 25. gxf4 Nf6 26. Rac1 Re8 27. e5 dxe5 28. fxe5 Nd7 29. Qf5 g6 30. Qxf7+ Qxf7 31. Rxf7 Kxf7 32. e6+ Ke7 33. Rc7 Rd8 34. exd7 Kd6 35. Rc6+ Kxd7 36. Rxg6 Kc8 37. Rxb6 Kc7 38. Rxh6 Rb8 39. d6+ Kc8 40. Rh8+ Kd7 41. Rxb8 Kxd6 42. Rb5 1-0

[Event "THA-ch"]
[Site "Bangkok"]
[Date "2021.11.09"]
[Round "9"]
[White "Pornariyasombat, Atippat"]
[Black "Wattanarat, Pasawon"]
[Result "1-0"]
[WhiteElo "2021"]
[BlackElo "1923"]
[PlyCount "150"]
[EventDate "2021.11.05"]
[EventType "swiss"]
[EventRounds "9"]
[EventCountry "THA"]
[SourceTitle "CBM 205 Extra"]
[Source "ChessBase"]
[SourceDate "2022.01.31"]
[SourceVersion "1"]
[SourceVersionDate "2022.01.31"]
[SourceQuality "1"]

1. c4 c5 2. Nc3 Nc6 3. g3 g6 4. Bg2 Bg7 5. d3 e5 6. e4 Nge7 7. Nge2 0-0 8. 0-0 d6 9. h3 Nd4 10. Rb1 Nec6 11. a3 a5 12. f4 f5 13. Kh2 Be6 14. exf5 gxf5 15. Nxd4 cxd4 16. Nd5 Ne7 17. b4 Bxd5 18. cxd5 Qd7 19. bxa5 Rxa5 20. Qb3 Rc8 21. Qxb7 Qxb7 22. Rxb7 Nxd5 23. Bd2 Rac5 24. fxe5 Bxe5 25. Rxf5 Ne3 26. Rg5+ Kf8 27. Bxe3 dxe3 28. Be4 Rc2+ 29. Kg1 e2 30. Rf5+ Ke8 31. Rxe5+ dxe5 32. Kf2 Ra2 33. Rb1 h6 34. Re1 Rxa3 35. Rxe2 Kf7 36. Rb2 Rac3 37. Rb6 Rh8 38. g4 Rc1 39. Kg3 Rf1 40. Bd5+ Kg7 41. Kh4 h5 42. Rb7+ Kg6 43. Be4+ Kf6 44. g5+ Ke6 45. g6 Rg1 46. Rh7 Rg8 47. Kxh5 Kf6 48. Rf7+ Ke6 49. Bf5+ Kd6 50. Kh6 Rh8+ 51. Kg7 Rh5 52. Bg4 Rg5 53. Rd7+ Kc6 54. Re7 Kd6 55. Re6+ Kd5 56. Re8 Kd4 57. Rd8+ Ke3 58. Kf6 Kf4 59. g7 Ra1 60. g8Q Rxg8 61. Rxg8 e4 62. dxe4 Kxe4 63. Kg5 Ra5+ 64. Kh4 Ra7 65. Re8+ Kf4 66. Rf8+ Ke4 67. Kg3 Ra3+ 68. Bf3+ Ke5 69. h4 Ra6 70. h5 Rf6 71. Rg8 Rh6 72. Kg4 Kf6 73. Be4 Kf7 74. Rg6 Rh7 75. Bd5+ Kf8 1-0

[Event "THA-ch"]
[Site "Bangkok"]
[Date "2021.11.08"]
[Round "7"]
[White "Pornariyasombat, Atippat"]
[Black "Burbach, Brunel Baron"]
[Result "1-0"]
[WhiteElo "2021"]
[BlackElo "1757"]
[PlyCount "117"]
[EventDate "2021.11.05"]
[EventType "swiss"]
[EventRounds "9"]
[EventCountry "THA"]
[SourceTitle "CBM 205 Extra"]
[Source "ChessBase"]
[SourceDate "2022.01.31"]
[SourceVersion "1"]
[SourceVersionDate "2022.01.31"]
[SourceQuality "1"]

1. g3 e5 2. c4 Nc6 3. Bg2 f5 4. Nc3 Nf6 5. d3 d6 6. Rb1 a5 7. a3 Be6 8. Nd5 a4 9. Bg5 Be7 10. Nc3 0-0 11. Bxf6 Rxf6 12. Nf3 Rf7 13. 0-0 Kh8 14. e3 e4 15. Nd4 Nxd4 16. exd4 exd3 17. Qxd3 c6 18. d5 Bd7 19. Ne2 Bf6 20. Nf4 Re7 21. dxc6 Bxc6 22. Bd5 Re5 23. Rbd1 Qb6 24. Bxc6 Qxc6 25. Nd5 Rf8 26. Rd2 Re4 27. Nxf6 Rxf6 28. c5 Ree6 29. Qd5 Qxd5 30. Rxd5 Kg8 31. Rc1 dxc5 32. Rcxc5 f4 33. gxf4 Rxf4 34. Rd8+ Rf8 35. Rxf8+ Kxf8 36. Rb5 Kf7 37. Rxb7+ Kf6 38. Rb4 Ra6 39. h4 g5 40. Kg2 gxh4 41. Rxh4 Kg6 42. Rb4 h5 43. Kg3 Ra5 44. Kh4 Kf6 45. Rb6+ Kf7 46. f4 Kg7 47. Kg3 Kf7 48. Kf3 Kg7 49. Ke4 Kh7 50. f5 h4 51. Kf4 h3 52. Kg3 Rxf5 53. Kxh3 Kg7 54. Kg3 Kf7 55. Rb4 Ra5 56. Kf3 Ke6 57. Ke4 Kd6 58. Rd4+ Kc5 59. Rd5+ 1-0

[Event "THA-ch"]
[Site "Bangkok"]
[Date "2021.11.07"]
[Round "5"]
[White "Pornariyasombat, Atippat"]
[Black "Alriyami, Faris Rashid"]
[Result "0-1"]
[WhiteElo "2021"]
[BlackElo "1812"]
[PlyCount "84"]
[EventDate "2021.11.05"]
[EventType "swiss"]
[EventRounds "9"]
[EventCountry "THA"]
[SourceTitle "CBM 205 Extra"]
[Source "ChessBase"]
[SourceDate "2022.01.31"]
[SourceVersion "1"]
[SourceVersionDate "2022.01.31"]
[SourceQuality "1"]

1. c4 c5 2. Nc3 Nf6 3. e4 Nc6 4. g3 d6 5. Bg2 g6 6. d3 Bg7 7. Nge2 0-0 8. 0-0 Ne8 9. a3 Nd4 10. h3 a5 11. Rb1 a4 12. f4 Bd7 13. Kh2 Bc6 14. Be3 Nc7 15. Bg1 Ra5 16. Nxd4 cxd4 17. Ne2 e5 18. Qd2 Ne6 19. f5 Nc5 20. f6 Nb3 21. Qg5 Nc5 22. Qh4 Bh8 23. Rf3 b5 24. cxb5 Bxb5 25. Bxd4 Bxd3 26. Nc3 Nd7 27. Rxd3 Bxf6 28. Qg4 exd4 29. Nd5 Ne5 30. Qd1 Nxd3 31. Qxd3 Be5 32. Rc1 Rc5 33. Rf1 Qg5 34. Rf3 h5 35. Kg1 h4 36. g4 Rc1+ 37. Bf1 Rfc8 38. Rf2 Bg3 39. Re2 Qe5 40. Qf3 Kg7 41. Nb4 Qf4 42. Qg2 Rxf1+ 0-1

[Event "THA-ch"]
[Site "Bangkok"]
[Date "2020.02.07"]
[Round "4"]
[White "Pornariyasombat, Atippat"]
[Black "Khumnorkaew, Tupfah"]
[Result "1/2-1/2"]
[WhiteElo "1977"]
[BlackElo "2073"]
[PlyCount "88"]
[EventDate "2020.02.06"]
[EventType "swiss"]
[EventRounds "9"]
[EventCountry "THA"]
[SourceTitle "CBM 195 Extra"]
[Source "ChessBase"]
[SourceDate "2020.05.31"]
[SourceVersion "1"]
[SourceVersionDate "2020.05.31"]
[SourceQuality "1"]

1. e4 c5 2. c4 Nc6 3. Nc3 g6 4. g3 Bg7 5. Bg2 e6 6. Nge2 Nge7 7. d3 d6 8. 0-0 0-0 9. Rb1 b6 10. a3 Bb7 11. h3 Qd7 12. b4 Nd4 13. Nxd4 cxd4 14. Ne2 Nc6 15. f4 f5 16. Kh2 e5 17. Qb3 Kh8 18. Bd2 Nd8 19. Rfc1 Rb8 20. Qd1 Ne6 21. Qh1 fxe4 22. Bxe4 Bxe4 23. Qxe4 Rbe8 24. Qg2 Rf5 25. Rf1 Ref8 26. g4 R5f7 27. f5 gxf5 28. gxf5 Rxf5 29. Rxf5 Rxf5 30. Ng3 Rf8 31. Ne4 Nf4 32. Bxf4 exf4 33. Qf3 d5 34. cxd5 Qxd5 35. Rg1 Be5 36. Rg2 Rg8 37. Rxg8+ Qxg8 38. h4 h6 39. b5 Qg7 40. a4 Kh7 41. Nd2 Qg3+ 42. Qxg3 fxg3+ 43. Kg2 Kg6 44. Nf3 Kf5 1/2-1/2

[Event "THA-ch"]
[Site "Bangkok"]
[Date "2020.02.07"]
[Round "3"]
[White "Teerapabpaisit, Wisuwat"]
[Black "Pornariyasombat, Atippat"]
[Result "0-1"]
[WhiteElo "2154"]
[BlackElo "1977"]
[PlyCount "118"]
[EventDate "2020.02.06"]
[EventType "swiss"]
[EventRounds "9"]
[EventCountry "THA"]
[SourceTitle "CBM 195 Extra"]
[Source "ChessBase"]
[SourceDate "2020.05.31"]
[SourceVersion "1"]
[SourceVersionDate "2020.05.31"]
[SourceQuality "1"]

1. e4 c5 2. Nf3 g6 3. d4 cxd4 4. Nxd4 Nc6 5. Nc3 Bg7 6. Be3 Nf6 7. Nxc6 bxc6 8. e5 Ng8 9. Bd4 f6 10. f4 Qa5 11. Bc4 fxe5 12. fxe5 Bxe5 13. Qd2 Bxd4 14. Qxd4 Nf6 15. 0-0-0 d5 16. Qe5 0-0 17. Nxd5 cxd5 18. Rxd5 Qb4 19. Rd4+ Kh8 20. Bd5 Qc5 21. Rd2 Bb7 22. b4 Qxb4 23. Bb3 a5 24. a4 Rac8 25. Rd3 Qc5 26. Qb2 Be4 27. Rg3 Rfd8 28. Re1 Qd4 29. Rge3 Qxb2+ 30. Kxb2 Bxg2 31. Rxe7 Re8 32. R1e5 Rxe7 33. Rxe7 Rc5 34. c4 Rh5 35. Ra7 Ne4 36. Bc2 Nd6 37. Rc7 Rxh2 38. c5 Nc4+ 39. Kc3 Ne5 40. Kd4 Nc6+ 41. Ke3 Bd5 42. Bd3 Rh3+ 43. Kd2 Rh2+ 44. Ke3 Rh4 45. Bb5 Re4+ 46. Kf2 Re6 47. Rd7 Be4 48. Rc7 g5 49. Kg3 h5 50. Be2 h4+ 51. Kg4 Re5 52. Kh5 Kg8 53. Bg4 Kf8 54. Bd7 Rxc5 55. Be6 Re5 56. Bd7 Ne7 57. Bh3 Bf3+ 58. Kh6 g4 59. Bf1 g3 0-1

[Event "THA Amatuer-ch"]
[Site "Thailand"]
[Date "2019.02.20"]
[Round "7"]
[White "Pornariyasombat, Atippat"]
[Black "Burbach, Brunel Baron"]
[Result "1-0"]
[WhiteElo "1969"]
[BlackElo "1694"]
[PlyCount "129"]
[EventDate "2019.02.16"]
[EventType "swiss"]
[EventRounds "7"]
[EventCountry "THA"]
[SourceTitle "CBM 189 Extra"]
[Source "ChessBase"]
[SourceDate "2019.06.03"]
[SourceVersion "1"]
[SourceVersionDate "2019.06.03"]
[SourceQuality "1"]

1. e4 e5 2. Nf3 Nf6 3. Nxe5 d6 4. Nd3 Nxe4 5. Qe2 Qe7 6. Nf4 c6 7. d3 Nf6 8. Nc3 Bf5 9. Bd2 Nbd7 10. 0-0-0 0-0-0 11. h3 h6 12. g4 Bh7 13. Bg2 g5 14. Qxe7 Bxe7 15. Nfe2 d5 16. f4 gxf4 17. Bxf4 Bg6 18. Nd4 Bc5 19. Nf3 Rde8 20. Rde1 h5 21. g5 Nh7 22. Nh4 Rhf8 23. Ref1 Be3+ 24. Bxe3 Rxe3 25. Nxg6 fxg6 26. Rxf8+ Nhxf8 27. h4 Ne6 28. Kd2 Rg3 29. Rh2 Ne5 30. Ne2 Nf3+ 31. Kd1 Nxh2 32. Nxg3 Nf4 33. Bh1 Kc7 34. Ke1 Kd6 35. d4 c5 36. c3 cxd4 37. cxd4 Nd3+ 38. Kd2 Nxb2 39. Ne2 Nc4+ 40. Kc3 Ne3 41. Nf4 Nf5 42. Nxg6 Nf1 43. Nf4 N1g3 44. Bxd5 Nxh4 45. Bxb7 Nhf5 46. Kd3 h4 47. Bg2 Ng7 48. Bh3 N7f5 49. Ng6 Kd5 50. Bg2+ Kd6 51. Ne5 Ng7 52. Bh3 Ne6 53. Bxe6 Kxe6 54. Nf3 h3 55. Ke3 Kf5 56. d5 h2 57. Nxh2 Kxg5 58. Kd4 Kf6 59. Ng4+ Ke7 60. Ke5 Nh5 61. Ne3 Ng7 62. Nf5+ Nxf5 63. Kxf5 Kd6 64. Ke4 a5 65. a4 1-0

[Event "THA Amatuer-ch"]
[Site "Thailand"]
[Date "2019.02.19"]
[Round "5"]
[White "Pornariyasombat, Atippat"]
[Black "Laohawirapap, Prin"]
[Result "1-0"]
[WhiteElo "1969"]
[BlackElo "1747"]
[PlyCount "139"]
[EventDate "2019.02.16"]
[EventType "swiss"]
[EventRounds "7"]
[EventCountry "THA"]
[SourceTitle "CBM 189 Extra"]
[Source "ChessBase"]
[SourceDate "2019.06.03"]
[SourceVersion "1"]
[SourceVersionDate "2019.06.03"]
[SourceQuality "1"]

1. e4 c6 2. d4 d5 3. exd5 cxd5 4. Bd3 Nc6 5. c3 Nf6 6. Bf4 Bg4 7. Qb3 Qc8 8. Nd2 e6 9. Ngf3 Be7 10. 0-0 0-0 11. Rfe1 Bh5 12. h3 a6 13. Bf1 b5 14. g4 Bg6 15. a4 Na5 16. Qa2 Qb7 17. Ne5 Nd7 18. Nxg6 hxg6 19. b4 Nc4 20. Nxc4 bxc4 21. a5 Nf6 22. Bg2 Ne8 23. Qxc4 Nd6 24. Bxd6 Bxd6 25. Qd3 Qc7 26. Reb1 Rfc8 27. Rb3 Qd7 28. Bf1 Rc7 29. b5 axb5 30. Qxb5 Qxb5 31. Bxb5 Rca7 32. a6 Rb8 33. Kf1 Kf8 34. Ke2 Ke7 35. Rab1 Kf6 36. Bd3 Rxb3 37. Rxb3 Kg5 38. Kf3 Kh4 39. Kg2 Kg5 40. Rb6 Bc7 41. Rb1 Ba5 42. Rb3 Kf4 43. Ra3 Bb6 44. Bb5 Rc7 45. Rb3 Ba7 46. Be8 Kg5 47. Kg3 Kf6 48. f4 Ke7 49. Bb5 Kf6 50. Bd3 Ke7 51. h4 Kf6 52. Kf3 Ke7 53. Ke2 Kd6 54. Kd2 Ke7 55. Rb1 Kd6 56. Rh1 Bb6 57. Rb1 Ba7 58. h5 gxh5 59. gxh5 f6 60. Bg6 Re7 61. Bd3 Rc7 62. Rh1 Bb6 63. Rh3 Ba5 64. Bb5 Bb6 65. Kd3 e5 66. fxe5+ fxe5 67. Rg3 exd4 68. cxd4 Rf7 69. Rg6+ Rf6 70. Rxf6+ 1-0

[Event "THA Amatuer-ch"]
[Site "Thailand"]
[Date "2019.02.16"]
[Round "1"]
[White "Dadoung, Chanthanipa"]
[Black "Pornariyasombat, Atippat"]
[Result "1/2-1/2"]
[WhiteElo "1263"]
[BlackElo "1969"]
[PlyCount "59"]
[EventDate "2019.02.16"]
[EventType "swiss"]
[EventRounds "7"]
[EventCountry "THA"]
[SourceTitle "CBM 189 Extra"]
[Source "ChessBase"]
[SourceDate "2019.06.03"]
[SourceVersion "1"]
[SourceVersionDate "2019.06.03"]
[SourceQuality "1"]

1. d4 g6 2. c4 Bg7 3. Nc3 c5 4. Nf3 cxd4 5. Nxd4 Nc6 6. e3 Nf6 7. Be2 0-0 8. 0-0 d6 9. Nf3 h6 10. h3 Be6 11. b3 d5 12. Rb1 dxc4 13. bxc4 Qc8 14. Qc2 Rd8 15. Rd1 Rxd1+ 16. Qxd1 Na5 17. Nd5 Bxd5 18. cxd5 Ne4 19. Bd2 b6 20. Rc1 Qd7 21. Bxa5 bxa5 22. Qd3 f5 23. Qb5 Qxb5 24. Bxb5 Nc3 25. Bc4 Kf8 26. Nd4 Bxd4 27. exd4 Ne4 28. Bb3 Ke8 29. f3 Nd6 30. Rc5 1/2-1/2

[Event "Asian Indoor Games 5th"]
[Site "Ashkhabad"]
[Date "2017.09.23"]
[Round "6"]
[White "Pornariyasombat, Atippat"]
[Black "Muhammed, Shuaau"]
[Result "0-1"]
[WhiteElo "2059"]
[BlackElo "1779"]
[PlyCount "108"]
[EventDate "2017.09.21"]
[EventType "swiss"]
[EventRounds "7"]
[EventCountry "TKM"]
[SourceTitle "CBM 180 Extra"]
[Source "ChessBase"]
[SourceDate "2017.10.06"]
[SourceVersion "1"]
[SourceVersionDate "2017.10.06"]
[SourceQuality "1"]

1. c4 e6 2. Nf3 d5 3. g3 Nf6 4. Bg2 Be7 5. 0-0 0-0 6. b3 c5 7. cxd5 Nxd5 8. Bb2 Nc6 9. d3 Bf6 10. Qc1 Bxb2 11. Qxb2 b6 12. Nbd2 Bb7 13. Rfc1 Qd7 14. Nc4 f6 15. a3 e5 16. Rd1 Rfd8 17. Rac1 Rac8 18. h4 Nd4 19. Rd2 Ne7 20. e4 Nxf3+ 21. Bxf3 Nc6 22. Ne3 Qf7 23. Bg4 Rc7 24. b4 Nd4 25. Rb1 h5 26. Bd1 Kh7 27. bxc5 Rxc5 28. Qa2 Qxa2 29. Rxa2 Nb5 30. Rb3 Nd4 31. Rb4 Rc3 32. Rd2 Rxa3 33. Bxh5 b5 34. Rb1 a5 35. f4 Bxe4 36. f5 Bxd3 37. Rbd1 Be4 38. Kf2 Rc8 39. Bg6+ Kg8 40. g4 b4 41. g5 Kf8 42. gxf6 gxf6 43. Rxd4 exd4 44. Rxd4 b3 45. Rd7 Ra2+ 46. Kg3 Rac2 47. Rf7+ Ke8 48. h5 Kd8 49. h6 Rc1 50. Bh5 Rh1 51. Ng4 Rxh5 52. Nxf6 Rc7 53. Rg7 Rxg7+ 54. hxg7 Rg5+ 0-1

[Event "Asian-ch Indoor Games qual Men"]
[Site "Bangkok"]
[Date "2017.05.02"]
[Round "9.2"]
[White "Teerapabpaisit, Wisuwat"]
[Black "Pornariyasombat, Atippat"]
[Result "1/2-1/2"]
[WhiteElo "2246"]
[BlackElo "2049"]
[PlyCount "98"]
[EventDate "2017.04.28"]
[EventType "swiss"]
[EventRounds "9"]
[EventCountry "THA"]
[SourceTitle "EXT 2024"]
[Source "ChessBase"]
[SourceDate "2023.10.10"]
[SourceVersion "1"]
[SourceVersionDate "2023.10.10"]
[SourceQuality "1"]

1. e4 g6 2. d4 Bg7 3. Nc3 d6 4. Be3 c6 5. Qd2 b5 6. f3 a6 7. g4 Bb7 8. Nge2 Nd7 9. Ng3 c5 10. d5 b4 11. Nd1 Qc7 12. c4 0-0-0 13. a3 a5 14. axb4 axb4 15. Be2 h5 16. g5 h4 17. Nf1 f6 18. Rg1 fxg5 19. Rxg5 Nf8 20. Rg1 Nf6 21. Nf2 Kb8 22. Nd3 N6d7 23. Nf4 Ne5 24. Nh3 Nf7 25. f4 Bc8 26. Nf2 g5 27. fxg5 Ng6 28. Qc2 Bd7 29. Nd2 Kb7 30. Nf3 Ra8 31. Kd2 Nfe5 32. Nd3 Nxd3 33. Bxd3 Ra5 34. Rxa5 Qxa5 35. b3 Ra8 36. Ke2 Qa2 37. Bc1 Kc7 38. Qxa2 Rxa2+ 39. Kd1 Kd8 40. Be2 Bc3 41. Ne1 Be8 42. Nd3 Bf7 43. Rf1 Ke8 44. h3 Ne5 45. Nf4 Ra1 46. Rg1 Bd4 47. Rf1 Be3 48. Kc2 Rxc1+ 49. Rxc1 Bxf4 1/2-1/2